[Event "Pardubice Czech op-A 23rd"]
[Site "Pardubice"]
[Date "2012.07.25"]
[Round "6"]
[White "Linster, Philippe"]
[Black "Pesotsky, Vitaly"]
[Result "1-0"]
[WhiteElo "2205"]
[BlackElo "2283"]
[PlyCount "95"]
[EventDate "2012.07.12"]
[EventType "swiss"]
[EventRounds "9"]
[EventCountry "CZE"]
[SourceTitle "CBM 149 Extra"]
[Source "ChessBase"]
[SourceDate "2012.08.24"]
[SourceVersion "1"]
[SourceVersionDate "2012.08.24"]
[SourceQuality "1"]

1. e4 c5 2. Nf3 Nc6 3. d4 cxd4 4. Nxd4 Nf6 5. Nc3 d6 6. Bc4 e6 7. Be3 Be7 8. Qe2 0-0 9. 0-0-0 Qc7 10. Bb3 a6 11. Rhg1 b5 12. g4 b4 13. Nxc6 Qxc6 14. Nd5 exd5 15. g5 dxe4 16. gxf6 Bxf6 17. Bd5 Qa4 18. Bd4 Bxd4 19. Rxd4 Bf5 20. Qd2 Rac8 21. Bb3 Qe8 22. Rxd6 Bg6 23. h4 Rd8 24. Rxd8 Qxd8 25. Qf4 Kh8 26. Rd1 Qc8 27. Qd6 Qb8 28. Qxb8 Rxb8 29. Rd6 f5 30. Rxa6 Rd8 31. Bd5 f4 32. a4 bxa3 33. bxa3 h6 34. c4 Bh5 35. Bxe4 Kg8 36. Kc2 Kf7 37. Bd5+ Ke7 38. Kd3 Bf3 39. Kd4 Bxd5 40. cxd5 f3 41. Ke5 Rb8 42. Ra7+ Kf8 43. d6 g5 44. hxg5 hxg5 45. Kf6 Rd8 46. d7 Rb8 47. Ra6 Rd8 48. Rc6 1-0

[Event "Corsica Masters op 15th"]
[Site "Bastia"]
[Date "2011.10.25"]
[Round "5"]
[White "Dimitrov, Radoslav"]
[Black "Pesotsky, Vitaly"]
[Result "0-1"]
[WhiteElo "2409"]
[BlackElo "2273"]
[PlyCount "100"]
[EventDate "2011.10.22"]
[EventType "swiss"]
[EventRounds "9"]
[EventCountry "FRA"]
[SourceTitle "EXT 2012"]
[Source "ChessBase"]
[SourceDate "2011.11.24"]
[SourceVersion "1"]
[SourceVersionDate "2011.11.24"]
[SourceQuality "1"]

1. e4 c5 2. Nf3 Nc6 3. Bb5 g6 4. 0-0 Bg7 5. c3 a6 6. Ba4 b5 7. Bc2 Bb7 8. d4 d6 9. Be3 cxd4 10. cxd4 Nf6 11. d5 Nb8 12. Nd4 0-0 13. a4 bxa4 14. Nc3 Nbd7 15. Bxa4 Ne5 16. Qe2 Rc8 17. f3 h5 18. Rfc1 Nfd7 19. f4 Ng4 20. Nc6 Bxc6 21. dxc6 Nc5 22. Bxc5 dxc5 23. h3 Bd4+ 24. Kh1 e5 25. g3 Nf2+ 26. Kg2 exf4 27. gxf4 Re8 28. e5 Qh4 29. Qf3 Red8 30. e6 fxe6 31. Ne2 Nxh3 32. Bb3 Rxc6 33. Qxc6 Qg4+ 34. Kf1 Nxf4 35. Nxd4 cxd4 36. Bxe6+ Nxe6 37. Qg2 Qf5+ 38. Kg1 Nf4 39. Qf3 Qg5+ 40. Kh2 Qh4+ 41. Kg1 Rf8 42. Ra3 d3 43. Ra4 Ne2+ 44. Qxe2 Qg5+ 45. Qg2 Qxc1+ 46. Kh2 Qc7+ 47. Kh1 Kh7 48. Rxa6 Qc1+ 49. Kh2 Qf4+ 50. Qg3 Qf2+ 0-1

[Event "Corsica Masters op 15th"]
[Site "Bastia"]
[Date "2011.10.24"]
[Round "3"]
[White "Cheparinov, Ivan"]
[Black "Pesotsky, Vitaly"]
[Result "1-0"]
[WhiteElo "2650"]
[BlackElo "2268"]
[PlyCount "81"]
[EventDate "2011.10.22"]
[EventType "swiss"]
[EventRounds "9"]
[EventCountry "FRA"]
[SourceTitle "EXT 2012"]
[Source "ChessBase"]
[SourceDate "2011.11.24"]
[SourceVersion "1"]
[SourceVersionDate "2011.11.24"]
[SourceQuality "1"]

1. d4 b5 2. e4 c6 3. Nf3 e6 4. a4 b4 5. d5 Bc5 6. dxe6 fxe6 7. e5 Qb6 8. Bd3 Bxf2+ 9. Ke2 Bc5 10. a5 Qc7 11. Nbd2 d5 12. exd6 Bxd6 13. Nc4 Nf6 14. Bxh7 Bxh2 15. Rxh2 Rxh7 16. Rxh7 Nxh7 17. Nd6+ Kf8 18. Ne5 Ba6+ 19. Kf2 Nd7 20. Ng6+ Kg8 21. Bf4 Ndf6 22. Nc8 e5 23. Nce7+ Kf7 24. Nxe5+ Ke8 25. Qf3 Ng5 26. Bxg5 Qxe5 27. Bxf6 gxf6 28. Qxc6+ Kf7 29. Qd5+ Qxd5 30. Nxd5 Rb8 31. Re1 Rb5 32. Re7+ Kg6 33. Nf4+ Kf5 34. Ne2 Rxa5 35. Rxa7 Ra2 36. Ke3 Ke5 37. Nf4 Bc4 38. Rxa2 Bxa2 39. Nd3+ Kd6 40. b3 Bb1 41. Kd2 1-0

[Event "Corsica Masters op 15th"]
[Site "Bastia"]
[Date "2011.10.23"]
[Round "2"]
[White "Pesotsky, Vitaly"]
[Black "Sulava, Nenad"]
[Result "1-0"]
[WhiteElo "2268"]
[BlackElo "2540"]
[PlyCount "93"]
[EventDate "2011.10.22"]
[EventType "swiss"]
[EventRounds "9"]
[EventCountry "FRA"]
[SourceTitle "EXT 2012"]
[Source "ChessBase"]
[SourceDate "2011.11.24"]
[SourceVersion "1"]
[SourceVersionDate "2011.11.24"]
[SourceQuality "1"]

1. e4 e5 2. Nf3 Nc6 3. Nc3 Nf6 4. Bb5 Bb4 5. 0-0 0-0 6. d3 d6 7. Bg5 Ne7 8. Nh4 c6 9. Bc4 d5 10. exd5 cxd5 11. Bb3 Bg4 12. Qc1 Qd6 13. h3 Bd7 14. Nf3 Bxc3 15. bxc3 h6 16. Bh4 Ng6 17. Bg3 Nh5 18. Bh2 Ngf4 19. Kh1 Qf6 20. Qd1 d4 21. cxd4 exd4 22. Nd2 Qg5 23. Qf3 Bc6 24. Ne4 Qh4 25. Bg3 Bxe4 26. dxe4 Qg5 27. Bh2 Ne6 28. Qg4 Qxg4 29. hxg4 Nf6 30. f3 Nd7 31. Rfd1 Ndc5 32. Bd5 Rac8 33. a4 b6 34. Be5 Rfd8 35. Bxd4 Kf8 36. Be3 Ke7 37. a5 b5 38. a6 Na4 39. Bb3 Rxd1+ 40. Rxd1 Nec5 41. Rd5 Rc6 42. Bxa4 Nxa4 43. Rxb5 Rxa6 44. Rb7+ Ke6 45. Rxa7 Rxa7 46. Bxa7 Ke5 47. Kg1 1-0

[Event "Stare Mesto op"]
[Site "Stare Mesto"]
[Date "2010.08.14"]
[Round "2"]
[White "Pesotsky, Vitaly"]
[Black "Ludvicek, Josef"]
[Result "1-0"]
[WhiteElo "2266"]
[BlackElo "1975"]
[PlyCount "47"]
[EventDate "2010.08.13"]
[EventType "swiss"]
[EventRounds "10"]
[EventCountry "CZE"]
[SourceTitle "CBM 138 Extra"]
[Source "ChessBase"]
[SourceDate "2010.10.29"]
[SourceVersion "1"]
[SourceVersionDate "2010.10.29"]
[SourceQuality "1"]

1. e4 e6 2. d4 c5 3. Nf3 cxd4 4. Nxd4 Nc6 5. Nb5 d6 6. c4 a6 7. N5c3 g6 8. Be3 Bg7 9. Be2 Nge7 10. Qd2 0-0 11. h4 f6 12. h5 Kf7 13. Na4 Qa5 14. Nbc3 f5 15. Qxd6 b5 16. cxb5 axb5 17. Bxb5 Rd8 18. Qc5 Nd4 19. hxg6+ hxg6 20. Bxd4 Rxd4 21. Rh7 Qd8 22. Nb6 Rb8 23. Rxg7+ Kxg7 24. Qe5+ 1-0

[Event "Nabokov Memorial-B 8th"]
[Site "Kiev"]
[Date "2010.06.15"]
[Round "11"]
[White "Pesotsky, Vitaly"]
[Black "Baltag, Iulian"]
[Result "0-1"]
[WhiteElo "2282"]
[BlackElo "2365"]
[PlyCount "130"]
[EventDate "2010.06.05"]
[EventType "tourn"]
[EventRounds "11"]
[EventCountry "UKR"]
[EventCategory "4"]
[SourceTitle "CBM 136 Extra"]
[Source "ChessBase"]
[SourceDate "2010.07.02"]
[SourceVersion "2"]
[SourceVersionDate "2010.07.15"]
[SourceQuality "1"]

1. e4 e5 2. Nf3 d6 3. d4 exd4 4. Nxd4 Nf6 5. Nc3 Be7 6. Be2 0-0 7. Nf5 Bxf5 8. exf5 d5 9. Bf3 c6 10. g4 Re8 11. 0-0 Bb4 12. Bg2 Nbd7 13. h3 Qa5 14. Ne2 Ne4 15. c3 Bd6 16. Qc2 Re7 17. Nd4 Rae8 18. g5 f6 19. h4 Nf8 20. Be3 Qc7 21. Rfe1 Bh2+ 22. Kf1 Bf4 23. Kg1 fxg5 24. Bxf4 Qxf4 25. hxg5 Qxg5 26. Re3 c5 27. Nb3 b6 28. Rae1 Qxf5 29. c4 Ng6 30. cxd5 Nh4 31. f3 Nd6 32. Qxf5 Nhxf5 33. Rxe7 Rxe7 34. Rxe7 Nxe7 35. Bh3 Kf7 36. Be6+ Kf6 37. f4 Ng6 38. f5 Nxf5 39. Nd2 Nd6 40. Kf2 Nf4 41. Bg8 Nd3+ 42. Ke2 Nxb2 43. Bxh7 Ke5 44. Bg8 Kf4 45. Be6 g5 46. Nf3 Na4 47. Ng1 g4 48. Kd3 g3 49. Nh3+ Ke5 50. a3 Nb2+ 51. Kc3 Nbc4 52. a4 Ne3 53. Kd3 Nxd5 54. Bxd5 Kxd5 55. Nf4+ Kc6 56. Ke2 c4 57. Kf3 Kc5 58. Kxg3 Kb4 59. Kf3 Kxa4 60. Ke3 Kb3 61. Kd2 Kb2 62. Nd5 Nb5 63. Nb4 c3+ 64. Kd3 Na3 65. Kd4 Nc2+ 0-1

[Event "Nabokov Memorial-B 8th"]
[Site "Kiev"]
[Date "2010.06.14"]
[Round "10"]
[White "Kozak, Leonid"]
[Black "Pesotsky, Vitaly"]
[Result "1-0"]
[WhiteElo "2333"]
[BlackElo "2282"]
[PlyCount "67"]
[EventDate "2010.06.05"]
[EventType "tourn"]
[EventRounds "11"]
[EventCountry "UKR"]
[EventCategory "4"]
[SourceTitle "CBM 136 Extra"]
[Source "ChessBase"]
[SourceDate "2010.07.02"]
[SourceVersion "2"]
[SourceVersionDate "2010.07.15"]
[SourceQuality "1"]

1. d4 Nf6 2. c4 g6 3. Nc3 Bg7 4. e4 d6 5. f3 0-0 6. Be3 Nc6 7. Nge2 a6 8. Qd2 Re8 9. Rb1 b5 10. cxb5 axb5 11. Nxb5 Rxa2 12. Na3 e5 13. d5 Nd4 14. Nc3 Rxa3 15. bxa3 c6 16. dxc6 d5 17. Bb5 dxe4 18. fxe4 Qa5 19. 0-0 Qxa3 20. c7 Rf8 21. Bd3 Qd6 22. Bxd4 Qxd4+ 23. Kh1 Qd7 24. Rxf6 Bxf6 25. Nd5 Bg7 26. Qa5 f5 27. Ba6 Qd6 28. Rb6 Qd7 29. Bxc8 Rxc8 30. Rb8 Kf7 31. Rxc8 Qxc8 32. Qc3 fxe4 33. Nb6 Qa6 34. Qc4+ 1-0